Normal view
MARC view
- Chandrashekar
Entry Personal Name
001 - CONTROL NUMBER
- control field: 5743
003 - CONTROL NUMBER IDENTIFIER
- control field: OSt
005 - DATE AND TIME OF LATEST TRANSACTION
- control field: 20240115144815.0
008 - FIXED-LENGTH DATA ELEMENTS
- fixed length control field: 240115|| aca||aabn | a|a d
040 ## - CATALOGING SOURCE
- Original cataloging agency: OSt
- Transcribing agency: OSt
100 ## - HEADING--PERSONAL NAME
- Personal name: Chandrashekar
670 ## - SOURCE DATA FOUND
- Source citation: Work cat.: (OSt)18068: Chandrashekar, Development of ergonomic evaluation of a spading machine as an attachment to power tiller /, 2023
